Представление документа в формате MARC21

Поле Инд. ПП Название Значение
Тип записи m
Библиографический уровень m
001 Контрольный номер RU/IS/BASE/150814898
005 Дата корректировки 20230119121823.7
084 a Индекс другой классификации/Индекс ББК 87.3(2Рос); 87.2; 86.210; 60.028; 87.703; 60.027; 60.033.23
100 1_ a Автор Дуденков В. Н.
245 10 a Заглавие Русская идея и космизм
c Ответственность Межвузовская научно-техническая программа П. Т.470.96 "Ноосфера и устойчивое развитие"
336 a Термин вида содержания Текст
337 a Термин типа средства электронный
600 14 a Персоналии Бердяев Николай Александрович
a Персоналии Зеньковский Василий Васильевич
a Персоналии Соловьев Владимир Сергеевич
650 04 a Основная рубрика история философии
a Основная рубрика социальная философия
a Основная рубрика философия
653 0_ a Ключевые слова XIX век
a Ключевые слова XX век
a Ключевые слова антропоцентризм
a Ключевые слова благо
a Ключевые слова Бог
a Ключевые слова богочеловечество
a Ключевые слова божественное
a Ключевые слова бытие
a Ключевые слова внутренний мир
a Ключевые слова всеединства идея
a Ключевые слова Вселенная
a Ключевые слова гармония личности
a Ключевые слова государственное устройство
a Ключевые слова государство
a Ключевые слова добро
a Ключевые слова дух
a Ключевые слова духовность
a Ключевые слова единство мира
a Ключевые слова жизнь
a Ключевые слова здравый смысл
a Ключевые слова зло
a Ключевые слова идеалы
a Ключевые слова идеальный мир
a Ключевые слова идеология
a Ключевые слова истина
a Ключевые слова историзм
a Ключевые слова катастрофизм
a Ключевые слова коммунизм
a Ключевые слова коммунистические идеи
a Ключевые слова космизм
a Ключевые слова космос
a Ключевые слова космоургия
a Ключевые слова личность
a Ключевые слова любовь
a Ключевые слова метафизика
a Ключевые слова мировоззрение
a Ключевые слова миропорядок
a Ключевые слова миссионерство
a Ключевые слова молитвы
a Ключевые слова национальная идея
a Ключевые слова национальный характер
a Ключевые слова новейшее время
a Ключевые слова новое время
a Ключевые слова онтологический принцип универсума
a Ключевые слова православно-католическое единство
a Ключевые слова Россия
a Ключевые слова русская идея
a Ключевые слова русская нация
a Ключевые слова русский космизм
a Ключевые слова свободная теократия
a Ключевые слова смысл жизни
a Ключевые слова соборность
a Ключевые слова софиология
a Ключевые слова софиургия
a Ключевые слова социальная этика
a Ключевые слова социальный процесс
a Ключевые слова справедливость
a Ключевые слова теология
a Ключевые слова теургия
a Ключевые слова учение о личности
a Ключевые слова философия религии
a Ключевые слова философские идеи
a Ключевые слова философы
a Ключевые слова христианство
a Ключевые слова человек
856 40 a Имя сервера/домена Библиотечная система Университета "Дубна"
d Путь http://lib.uni-dubna.ru/MegaPRO/Web
i Указания/сценарий входа Доступ по номеру читательского билета и фамилии читателя
u URL http://lib.uni-dubna.ru/MegaPro/UserEntry?Action=FindDocs&ids=32015&idb=ec_110
y Справочный текст Электронная версия
900 a Имя электронного ресурса Dudenkov_Russkya_idea_i_kosmizm
x Справочная информация Полный текст
901 t Тип документа 0
952 a Тип литературы для КСУ ВШ НАУ